[Event "Jatai Goiania-ch"]
[Site "Jatai"]
[Date "2021.06.04"]
[Round "2"]
[White "Arruda Filho, Ivo Pereira de"]
[Black "Castro, Romulo MDE Carval"]
[Result "1-0"]
[WhiteElo "1692"]
[BlackElo "1603"]
[PlyCount "57"]
[EventDate "2021.06.04"]
[EventType "swiss"]
[EventRounds "6"]
[EventCountry "BRA"]
[SourceTitle "CBM 202 Extra"]
[Source "ChessBase"]
[SourceDate "2021.07.31"]
[SourceVersion "1"]
[SourceVersionDate "2021.07.31"]
[SourceQuality "1"]

1. Nf3 Nc6 2. d4 d5 3. Bf4 Nf6 4. Nbd2 Bf5 5. c3 e6 6. e3 a6 7. a4 Bd6 8. Bxd6 cxd6 9. Be2 Ne4 10. 0-0 g5 11. Nxe4 dxe4 12. Nd2 h5 13. Bxh5 Qf6 14. Bg4 Qh6 15. h3 0-0-0 16. b4 Ne7 17. b5 Bg6 18. bxa6 bxa6 19. Rb1 f5 20. Qb3 Kd7 21. Nxe4 fxe4 22. Qxe6+ Ke8 23. Rb7 Rh7 24. Rfb1 Bh5 25. Rxe7+ Kf8 26. Rxh7 Qxh7 27. Qf6+ Ke8 28. Bxh5+ Qxh5 29. Rb7 1-0